[Event "Tournoi Skype 029A"]
[Site "Skype"]
[Date "????.??.??"]
[Round "7.15"]
[White "Engstrom, Olle"]
[Black "Ram, Madhukesh"]
[Result "0-1"]
[WhiteElo "1448"]
[BlackElo "1243"]
[PlyCount "64"]

1. e4 c5 2. Nf3 d6 3. d4 cxd4 4. Nxd4 Nf6 5. Nc3 Nc6 6. Be2 g6 7. Be3 Bg7 8.
Qd2 O-O 9. O-O-O Bd7 10. h4 h5 11. Nb3 Rc8 12. Bh6 Ne5 13. Bxg7 Kxg7 14. Qd4
Be6 15. f4 Nc4 16. e5 dxe5 17. Qxd8 Rfxd8 18. fxe5 Nxe5 19. Rde1 Nc4 20. Bxc4
Rxc4 21. Nd2 Rcd4 22. Nf3 R4d6 23. Ng5 Ng4 24. Nxe6+ Rxe6 25. Rxe6 fxe6 26. Rd1
Rxd1+ 27. Nxd1 Kf6 28. Kd2 Kf5 29. Ne3+ Kf4 30. Nf1 Ne5 31. Kc3 Kg4 32. g3 Kf3
0-1

[Event "Tournoi Skype 029A"]
[Site "Skype"]
[Date "????.??.??"]
[Round "7.17"]
[White "Legueltel, Daniel"]
[Black "Junqueira, Leonardo De Faria"]
[Result "1-0"]
[WhiteElo "1753"]
[BlackElo "1408"]
[PlyCount "80"]

1. d4 f5 2. Nf3 Nf6 3. c3 e6 4. Bg5 Be7 5. Nbd2 b6 6. e3 Bb7 7. Be2 Ne4 8. Bxe7
Qxe7 9. Nxe4 Bxe4 10. Rc1 O-O 11. O-O Rf6 12. c4 Rg6 13. Bd3 Bb7 14. Re1 Bxf3
15. Qxf3 Nc6 16. c5 bxc5 17. Rxc5 Rb8 18. b3 Ne5 19. Rxe5 Qb4 20. Qe2 d6 21.
Rb5 Rxb5 22. Bxb5 c5 23. Bc4 d5 24. Bd3 cxd4 25. exd4 Qxd4 26. Qe3 Qxe3 27.
Rxe3 Kf7 28. f4 Ke7 29. b4 Rf6 30. b5 Rf7 31. a4 Kd6 32. Kf2 Rc7 33. Rh3 h6 34.
Ke2 Kc5 35. Kd2 Kb6 36. Rg3 Re7 37. Kc3 Kc5 38. a5 Rc7 39. Kb3 Kd6 40. Kb4 e5
1-0

[Event "Tournoi Skype 029A"]
[Site "Skype"]
[Date "????.??.??"]
[Round "7.18"]
[White "Gokcek, Cagri"]
[Black "Mishra, Sourabh"]
[Result "1/2-1/2"]
[WhiteElo "1363"]
[BlackElo "1564"]
[PlyCount "68"]

1. e4 c5 2. Nf3 d6 3. d4 cxd4 4. Nxd4 Nf6 5. Nc3 a6 6. Bg5 Nbd7 7. Be2 h6 8.
Be3 e5 9. Nb3 Be7 10. Qd2 b5 11. O-O-O Bb7 12. f3 Rc8 13. g4 Nc5 14. Nxc5 dxc5
15. Qxd8+ Rxd8 16. Rxd8+ Kxd8 17. Rd1+ Kc7 18. Bd3 Rd8 19. Bd2 Kb6 20. Be3 Kc6
21. Nd5 Nxd5 22. exd5+ Kd6 23. Be4 Bg5 24. Bd2 Bf4 25. h3 Bxd2+ 26. Rxd2 g6 27.
b3 Rf8 28. c4 f5 29. g5 hxg5 30. Bd3 Bc8 31. cxb5 axb5 32. Bxb5 e4 33. fxe4
fxe4 34. Bc4 Bxh3 1/2-1/2

[Event "Tournoi Skype 029A"]
[Site "Skype"]
[Date "????.??.??"]
[Round "7.19"]
[White "Garcia Diaz, Jose"]
[Black "Perrone, Gabriel Lorenzo"]
[Result "1-0"]
[WhiteElo "1506"]
[BlackElo "1377"]
[PlyCount "25"]

1. e4 d6 2. d4 Nf6 3. Nc3 g6 4. f4 Bg7 5. e5 Nfd7 6. Nf3 b6 7. Bc4 e6 8. O-O
Bb7 9. d5 Nf8 10. exd6 Qxd6 11. Kh1 Nbd7 12. Ne4 Qc5 13. Nxc5 1-0

[Event "Tournoi Skype 029A"]
[Site "Skype"]
[Date "????.??.??"]
[Round "7.20"]
[White "Hurtado De Mendoza, Ramon Miguel"]
[Black "Alarcon Alarcon, Florentina"]
[Result "1/2-1/2"]
[WhiteElo "1487"]
[BlackElo "1362"]
[PlyCount "98"]

1. Nf3 Nc6 2. b3 Nf6 3. Bb2 e6 4. g3 d5 5. Bg2 Be7 6. O-O O-O 7. d3 b6 8. a3
Bb7 9. Nbd2 h6 10. Re1 Nh7 11. e4 Bf6 12. e5 Be7 13. c4 Nb8 14. h4 a5 15. Qe2
Qd7 16. Red1 Na6 17. Bh3 Nc5 18. b4 axb4 19. axb4 Na4 20. Nb1 Nxb2 21. Rxa8
Rxa8 22. Qxb2 dxc4 23. Ne1 Qa4 24. Nc3 Qxb4 25. Qxb4 Bxb4 26. Nb5 Bxe1 27. Rxe1
cxd3 28. Nxc7 d2 29. Rd1 Ra2 30. Bg2 Rc2 31. Bxb7 Rxc7 32. Bf3 Rc5 33. Rxd2
Rxe5 34. Rb2 b5 35. Bc6 Nf6 36. Bxb5 Nd5 37. Bd3 g5 38. hxg5 hxg5 39. Kg2 Kg7
40. Rb5 Kf6 41. Rb2 Nc3 42. Rb3 Rc5 43. g4 Nd5 44. Kg3 Nf4 45. Ba6 Rc1 46. f3
Rc2 47. Bf1 Rc1 48. Kf2 Rc2+ 49. Kg3 Rc1 1/2-1/2

[Event "Tournoi Skype 029A"]
[Site "Skype"]
[Date "????.??.??"]
[Round "7.21"]
[White "Vasquez Cienfuegos, Oscar"]
[Black "Yeter, Orhan"]
[Result "0-1"]
[WhiteElo "1470"]
[BlackElo "1245"]
[PlyCount "70"]

1. Nf3 Nf6 2. c4 g6 3. g3 Bg7 4. Bg2 O-O 5. O-O d5 6. cxd5 Nxd5 7. Nc3 c6 8. d4
Nd7 9. e4 Nxc3 10. bxc3 e5 11. Bg5 Qa5 12. Qb3 exd4 13. cxd4 c5 14. Rad1 cxd4
15. Nxd4 Bxd4 16. Rxd4 Qxg5 17. f4 Qc5 18. Qd1 Nf6 19. Kh1 Bg4 20. Qd2 Qc7 21.
Rc1 Qe7 22. e5 Nh5 23. Rdc4 Rfd8 24. Qe1 Rac8 25. Bf1 Rxc4 26. Bxc4 Bf3+ 27.
Kg1 Qc5+ 28. Qf2 Qxf2+ 29. Kxf2 Bc6 30. Ke3 Ng7 31. g4 Ne6 32. Bxe6 fxe6 33. h4
Rd5 34. a3 Ra5 35. Rc3 Ra4 0-1

[Event "Tournoi Skype 029A"]
[Site "Skype"]
[Date "????.??.??"]
[Round "7.22"]
[White "Ortiz, Vladimir"]
[Black "Quispe, Alberto"]
[Result "1-0"]
[WhiteElo "1443"]
[BlackElo "1230"]
[PlyCount "111"]

1. e4 c5 2. Nf3 Nc6 3. d4 cxd4 4. Nxd4 e5 5. Nxc6 bxc6 6. Be3 Nf6 7. f3 Be7 8.
Bc4 d6 9. Nd2 a6 10. b3 d5 11. exd5 cxd5 12. Bd3 d4 13. Bf2 Nd5 14. O-O Nc3 15.
Qe1 Bf6 16. Ne4 Nxe4 17. Qxe4 Rb8 18. Qc6+ Qd7 19. Qxd7+ Kxd7 20. Rac1 Rd8 21.
c4 dxc3 22. Be4 Ke8 23. Rxc3 Bb7 24. Bxb7 Rxb7 25. Rc2 Rbd7 26. Bb6 Rb8 27. Bf2
Rbd8 28. Bb6 Rb8 29. Bf2 Bd8 30. Rfc1 Bg5 31. Re1 f6 32. g3 Bd2 33. Re2 Bb4 34.
f4 Rd5 35. fxe5 fxe5 36. Kg2 Rbd8 37. Bb6 R8d7 38. Rc8+ Kf7 39. Rc7 Rxc7 40.
Bxc7 Ke6 41. Bb6 Bc3 42. Kf3 Rd2 43. Rxd2 Bxd2 44. Ke4 g6 45. g4 h5 46. h3 Bc3
47. Bc5 Kf6 48. b4 hxg4 49. hxg4 Kg5 50. Kf3 Kf6 51. a3 Ke6 52. Ke4 Bb2 53. a4
Ba3 54. a5 Kf6 55. Kd5 Bb2 56. Be3 1-0

[Event "Tournoi Skype 029A"]
[Site "Skype"]
[Date "????.??.??"]
[Round "7.23"]
[White "Marino, Giuseppe"]
[Black "Gadow, Martin"]
[Result "1/2-1/2"]
[WhiteElo "1339"]
[BlackElo "1412"]
[PlyCount "145"]

1. d4 Nf6 2. Nf3 d5 3. e3 e6 4. Bd3 Bd6 5. O-O Nbd7 6. Re1 c5 7. c3 b6 8. Nbd2
Bb7 9. e4 dxe4 10. Nxe4 Nxe4 11. Bxe4 Bxe4 12. Rxe4 Nf6 13. Bg5 Be7 14. Re3 O-O
15. dxc5 Qxd1+ 16. Rxd1 Bxc5 17. Red3 Nd5 18. a3 b5 19. b4 Bb6 20. Ne5 Bc7 21.
Nf3 h6 22. Bc1 a5 23. Bb2 Rac8 24. Nd4 Nf4 25. R3d2 axb4 26. cxb4 Be5 27. Nxb5
Bxb2 28. Rxb2 Rfd8 29. Rxd8+ Rxd8 30. Rb1 Ra8 31. Kf1 Nd5 32. Rc1 Kf8 33. g3
Ke7 34. Ke2 Kd7 35. Kd3 Rb8 36. Nd4 Ra8 37. Nb5 Rb8 38. Rc5 Ra8 39. h4 Ra6 40.
Kc4 g6 41. Kb3 g5 42. hxg5 hxg5 43. a4 g4 44. Nd4 Nb6 45. Ra5 Rxa5 46. bxa5 Na8
47. Kb4 e5 48. Ne2 Kc6 49. Kc4 Nc7 50. Nc3 f5 51. Nb5 Nd5 52. a6 Nb6+ 53. Kb4
f4 54. a5 Nc8 55. a7 Kb7 56. a6+ Ka8 57. Nc7+ Kxa7 58. Kc5 e4 59. Nd5 Ne7 60.
gxf4 Nf5 61. Kc4 Kxa6 62. Kc3 Kb7 63. Kd2 Kc6 64. Ne3 Nxe3 65. Kxe3 Kd5 66. f5
Ke5 67. f6 Kxf6 68. Kxe4 Kg5 69. Ke3 Kf5 70. Ke2 Kf4 71. Kf1 Kg5 72. Kg2 Kf4
73. Kf1 1/2-1/2

[Event "Tournoi Skype 029A"]
[Site "Skype"]
[Date "????.??.??"]
[Round "7.24"]
[White "Lucena Vaz, Jose"]
[Black "Frances, Carlos Alberto"]
[Result "1/2-1/2"]
[WhiteElo "1674"]
[BlackElo "1324"]
[PlyCount "52"]

1. e4 c5 2. Nf3 e6 3. d4 cxd4 4. Nxd4 a6 5. Be2 Qc7 6. Be3 Nf6 7. Bf3 Be7 8.
O-O O-O 9. Qd2 d6 10. Nc3 Nbd7 11. Rad1 Rb8 12. a4 b6 13. b4 Bb7 14. b5 Nc5 15.
bxa6 Bxa6 16. Ncb5 Qd7 17. e5 Nfe4 18. Bxe4 Nxe4 19. Qe2 Nc3 20. Qf3 Bxb5 21.
axb5 Nxd1 22. Rxd1 d5 23. Nc6 Rfc8 24. Nxb8 Rxb8 25. c4 Bc5 26. Bd4 Rd8 1/2-1/2

[Event "Tournoi Skype 029A"]
[Site "Skype"]
[Date "????.??.??"]
[Round "7.25"]
[White "Vaswani, Manohar"]
[Black "Alvarez, Juan Evangelista"]
[Result "0-1"]
[WhiteElo "1196"]
[BlackElo "1575"]
[PlyCount "94"]

1. e4 Nf6 2. Nc3 d6 3. d4 Nc6 4. Bb5 d5 5. e5 Ng8 6. Nf3 Bg4 7. O-O Qd7 8. Na4
b6 9. Ba6 Nb4 10. Qe2 Qxa4 11. Bb5+ Bd7 12. Bxa4 Bxa4 13. b3 Bd7 14. a3 Nc6 15.
Qa6 Bc8 16. Qb5 Bb7 17. Qxd5 f6 18. Bf4 g5 19. Bg3 Na5 20. Qe6 Bc8 21. Qd5 Bb7
22. Qb5+ c6 23. Qd3 b5 24. a4 b4 25. exf6 Nxf6 26. Nxg5 Bg7 27. Ne6 Bh6 28.
Nc7+ Kf7 29. Nxa8 Bxa8 30. Rae1 Bb7 31. Qe2 Bc8 32. Qxe7+ Kg6 33. Be5 Bg7 34.
Bxf6 Bxf6 35. Qe4+ Bf5 36. Qf4 Nb7 37. Re3 h6 38. Rg3+ Bg5 39. h4 Nd8 40. hxg5
h5 41. Qd6+ Ne6 42. Qe7 h4 43. Qf6+ Kh7 44. Qh6+ Kg8 45. Qf6 hxg3 46. Qxf5 Nxd4
47. Qf6 Ne2# 0-1

[Event "Tournoi Skype 029A"]
[Site "Skype"]
[Date "????.??.??"]
[Round "7.27"]
[White "Gharbi, Said"]
[Black "Couto, Januario"]
[Result "0-1"]
[WhiteElo "1335"]
[BlackElo "1387"]
[PlyCount "64"]

1. e4 d5 2. e5 Bf5 3. d4 e6 4. Bd3 Bxd3 5. Qxd3 c5 6. dxc5 Qa5+ 7. Bd2 Qxc5 8.
Nc3 Ne7 9. Qb5+ Qc6 10. Qxc6+ Nbxc6 11. Nb5 Kd7 12. b3 a6 13. Nd6 Nxe5 14. Nxb7
Rc8 15. Rc1 N7c6 16. Bf4 Rc7 17. Bxe5 Nxe5 18. Na5 Bb4+ 19. Ke2 Bxa5 20. f4 Ng6
21. Nf3 h6 22. Rhd1 Nxf4+ 23. Kf1 Ng6 24. c4 Rhc8 25. Nd2 Bxd2 26. Rxd2 Ke7 27.
Rcd1 dxc4 28. bxc4 Ne5 29. Rd6 Rc6 30. c5 Rxd6 31. cxd6+ Kd7 32. Kf2 Nc4 0-1

[Event "Tournoi Skype 029A"]
[Site "Skype"]
[Date "????.??.??"]
[Round "7.28"]
[White "Abate, Leonardo"]
[Black "Grib, Johannes"]
[Result "1-0"]
[WhiteElo "1380"]
[BlackElo "1259"]
[PlyCount "49"]

1. d4 h6 2. Nf3 d6 3. e4 c6 4. Bf4 Nd7 5. Nbd2 Ngf6 6. Bd3 Nh5 7. Bg3 g5 8. e5
Nxg3 9. hxg3 dxe5 10. Nxe5 Nxe5 11. dxe5 Bg7 12. Nc4 b5 13. Nd6+ exd6 14. Qf3
d5 15. O-O-O Qa5 16. Rhe1 Qxa2 17. e6 Qxb2+ 18. Kd2 Bc3+ 19. Ke2 Bxe6 20. Kf1
Bxe1 21. Rxe1 c5 22. Qxd5 O-O 23. Rxe6 fxe6 24. Qxe6+ Kh8 25. Qxh6+ 1-0

[Event "Tournoi Skype 029A"]
[Site "Skype"]
[Date "????.??.??"]
[Round "7.29"]
[White "Casey, Eamonn"]
[Black "L'Herbon De Lussats, Jean"]
[Result "1-0"]
[WhiteElo "1538"]
[BlackElo "1259"]
[PlyCount "117"]

1. d4 Nf6 2. c4 e6 3. Nf3 c5 4. d5 d6 5. Nc3 Be7 6. e4 O-O 7. Bd3 Nbd7 8. O-O
Nb6 9. Re1 e5 10. a4 a5 11. Bd2 Bg4 12. h3 Bd7 13. Qb3 Qc7 14. Nb5 Bxb5 15.
Qxb5 Ra6 16. Bxa5 Rfa8 17. Bd2 Nbd7 18. Qb3 Rb6 19. Qc2 h6 20. a5 Rba6 21. b4
b6 22. b5 R6a7 23. axb6 Nxb6 24. Rxa7 Qxa7 25. Bc3 Nh7 26. Ra1 Qb7 27. Rxa8+
Qxa8 28. Qb2 Ng5 29. Nxg5 Bxg5 30. g3 Qa4 31. Qc2 Qa7 32. h4 Bd8 33. Qe2 Qd7
34. Kh2 Na4 35. Ba5 Bxa5 36. Qa2 Nb6 37. Qxa5 Qc7 38. Qa6 f6 39. f4 g5 40. fxg5
hxg5 41. h5 Kg7 42. g4 Kh6 43. Kg3 Qb8 44. Qa1 Qa8 45. Qf1 Kg7 46. Qf5 Qg8 47.
Qg6+ Kf8 48. Qxf6+ Qf7 49. Qxd6+ Kg7 50. Qxe5+ Qf6 51. h6+ Kg6 52. Qxf6+ Kxf6
53. e5+ Kxe5 54. h7 Kd4 55. Bf1 Nxc4 56. h8=Q+ Kxd5 57. Qg8+ Kd4 58. Qxc4+ Ke3
59. Qd3# 1-0

[Event "Tournoi Skype 029A"]
[Site "Skype"]
[Date "????.??.??"]
[Round "7.30"]
[White "Kruk, Clementine"]
[Black "Hague, Mark"]
[Result "1/2-1/2"]
[WhiteElo "1293"]
[BlackElo "1525"]
[PlyCount "50"]

1. e4 c6 2. d4 d5 3. e5 Bf5 4. h4 h5 5. Bd3 Bxd3 6. Qxd3 e6 7. f4 Ne7 8. Nc3
Nd7 9. Bd2 c5 10. Nb5 Nc6 11. Nf3 cxd4 12. Nbxd4 Qb6 13. Bc3 Bc5 14. Qb5 Qxb5
15. Nxb5 Rc8 16. Rd1 a6 17. Nbd4 Nxd4 18. Bxd4 O-O 19. Rg1 Bb4+ 20. c3 Bc5 21.
g4 hxg4 22. Rxg4 Bxd4 23. Nxd4 Kh7 24. Ke2 g6 25. Rh1 Rh8 1/2-1/2

[Event "Tournoi Skype 029A"]
[Site "Skype"]
[Date "????.??.??"]
[Round "7.31"]
[White "Le Brun, Yves"]
[Black "Vilas Boas, Crisolon Terto"]
[Result "1-0"]
[WhiteElo "1335"]
[BlackElo "1488"]
[PlyCount "101"]

1. d4 d5 2. Bf4 Nf6 3. e3 e6 4. h3 Bd6 5. Bxd6 Qxd6 6. a3 O-O 7. Nc3 Re8 8. Nb5
Qd8 9. Bd3 e5 10. dxe5 Rxe5 11. Nf3 Re8 12. O-O c5 13. Re1 Nc6 14. c4 a6 15.
Nc3 d4 16. exd4 Rxe1+ 17. Qxe1 Nxd4 18. Nxd4 cxd4 19. Ne4 Bf5 20. Nxf6+ Qxf6
21. Bxf5 Qxf5 22. Qd2 Rd8 23. Re1 h6 24. Kf1 g5 25. Re7 b5 26. cxb5 axb5 27.
Re2 Qc5 28. Ke1 f5 29. Kd1 Qc4 30. Qc2 d3 31. Qxc4+ bxc4 32. Re5 f4 33. Kd2 Rc8
34. Kc3 Kf7 35. f3 Kf6 36. Rb5 h5 37. Rd5 Rc6 38. Kd2 Rb6 39. Kc3 Rc6 40. b4
cxb3+ 41. Kxb3 h4 42. Rxd3 Re6 43. Rd2 Re5 44. a4 Re3+ 45. Kb4 Ke6 46. a5 Re5
47. a6 Re1 48. Ra2 Rb1+ 49. Ka5 Kd6 50. a7 Rb7 51. a8=Q 1-0

[Event "Tournoi Skype 029A"]
[Site "Skype"]
[Date "????.??.??"]
[Round "7.33"]
[White "Galani, Mahendra"]
[Black "Sauvaget, Joel"]
[Result "1-0"]
[WhiteElo "1466"]
[BlackElo "1290"]
[PlyCount "64"]

1. e4 c5 2. Nf3 d6 3. Bb5+ Bd7 4. Bc4 Nf6 5. Nc3 Nc6 6. O-O e6 7. Re1 Be7 8. e5
dxe5 9. Nxe5 Nxe5 10. Rxe5 O-O 11. d3 Bc6 12. f3 a6 13. Bd2 b5 14. Bb3 Nd7 15.
Re2 Bf6 16. Rb1 Bd4+ 17. Be3 Bxe3+ 18. Rxe3 Nf6 19. Ne2 Qc7 20. Qf1 Rad8 21.
Ng3 Rd4 22. c3 Rh4 23. Qf2 Nh5 24. Rbe1 Nxg3 25. hxg3 Rh6 26. Re5 Bd7 27. Rxc5
Qd6 28. d4 Qe7 29. Re4 Qf6 30. Rf4 Qd8 31. Qe3 Qe8 32. Rg4 Bc8 1-0

[Event "Tournoi Skype 029A"]
[Site "Skype"]
[Date "????.??.??"]
[Round "7.34"]
[White "Pasasin, Alejandro"]
[Black "Pouteau, Pascal"]
[Result "1/2-1/2"]
[WhiteElo "1347"]
[BlackElo "1345"]
[PlyCount "50"]

1. Nf3 Nf6 2. g3 d5 3. Bg2 Nc6 4. O-O e5 5. d3 Be7 6. e4 dxe4 7. dxe4 Qxd1 8.
Rxd1 Bg4 9. Nbd2 Rd8 10. Re1 O-O 11. Nc4 Bxf3 12. Bxf3 Nd4 13. Bd1 Nd7 14. c3
Nc6 15. b4 a6 16. Bf3 b5 17. Ne3 Bg5 18. h4 Bxe3 19. Bxe3 Nf6 20. Rac1 Rfe8 21.
Bg5 Rd6 22. Be3 Nd7 23. g4 Ne7 24. Kg2 Ng6 25. Kh3 Rd3 1/2-1/2

[Event "Tournoi Skype 029A"]
[Site "Skype"]
[Date "????.??.??"]
[Round "7.35"]
[White "Aceituno, Stebe"]
[Black "Ramirez Reina, Orlando"]
[Result "1-0"]
[WhiteElo "1400"]
[BlackElo "1385"]
[PlyCount "81"]

1. e4 e5 2. Nf3 Nc6 3. Bc4 Be7 4. c3 d6 5. h3 h6 6. d3 a6 7. Bb3 Nf6 8. Nbd2
Na5 9. Bc2 c5 10. O-O O-O 11. Re1 Re8 12. Nf1 Bf8 13. Ng3 g6 14. b4 Nc6 15.
bxc5 dxc5 16. Be3 b6 17. Qd2 Kh7 18. d4 exd4 19. cxd4 cxd4 20. Nxd4 Qc7 21. Qe2
Bb7 22. Qf3 Bg7 23. Nxc6 Qxc6 24. Rac1 b5 25. Bb3 Qd7 26. Red1 Qe7 27. Bc5 Qe5
28. Bd6 Bxe4 29. Nxe4 Qxe4 30. Bxf7 Qxf3 31. gxf3 Re2 32. Bg3 Ra7 33. Rc7 Re7
34. Rxa7 Rxa7 35. Bb3 a5 36. a4 b4 37. Rc1 Nh5 38. Rc7 Ra6 39. Be5 Kh8 40. Rc8+
Kh7 41. Bg8+ 1-0

[Event "Tournoi Skype 029A"]
[Site "Skype"]
[Date "????.??.??"]
[Round "7.36"]
[White "Carballo, Jorge"]
[Black "Vello, Pablo"]
[Result "1-0"]
[WhiteElo "1367"]
[BlackElo "1135"]
[PlyCount "71"]

1. d4 Nf6 2. c4 e6 3. Nc3 d5 4. e3 Be7 5. Bd3 b6 6. cxd5 exd5 7. Nf3 c5 8. Bb5+
Bd7 9. Qa4 O-O 10. Ne5 Bxb5 11. Nxb5 a6 12. Nc3 Qe8 13. Qxe8 Rxe8 14. dxc5 bxc5
15. b3 Bd6 16. Nf3 Nc6 17. O-O Rad8 18. Rd1 Nb4 19. a3 Nc6 20. Kh1 Bc7 21. Bb2
Ng4 22. Kg1 Nge5 23. Nxd5 Nxf3+ 24. gxf3 Bb8 25. Nb6 Ne5 26. Bxe5 Bxe5 27. Rab1
h6 28. f4 Bc7 29. Nd5 Bb8 30. Rd3 Kf8 31. Rbd1 Bd6 32. Nc3 Re6 33. Ne4 Rg6+ 34.
Kh1 Re8 35. Nxd6 Ree6 36. Nf5 1-0

[Event "Tournoi Skype 029A"]
[Site "Skype"]
[Date "????.??.??"]
[Round "7.37"]
[White "Davis, Michael"]
[Black "Bendre, Pankaj"]
[Result "0-1"]
[WhiteElo "1405"]
[BlackElo "1182"]
[PlyCount "68"]

1. e4 d5 2. exd5 Qxd5 3. Nc3 Qa5 4. Nf3 Bf5 5. Bc4 e6 6. O-O Nf6 7. Re1 Nbd7 8.
Nd4 Bg6 9. Ncb5 c6 10. Nc3 Bc5 11. Nb3 Qb6 12. d4 Bd6 13. d5 O-O 14. dxe6 Qc7
15. exd7 Nxd7 16. g3 Nf6 17. Ne4 Bxe4 18. Bg5 Bg6 19. Bxf6 gxf6 20. Qe2 Rfe8
21. Qf3 Be5 22. c3 Qb6 23. Re2 Rad8 24. Nd4 Bxd4 25. Rxe8+ Rxe8 26. cxd4 Qxd4
27. Qc3 Qxc3 28. bxc3 b5 29. Bb3 Bf5 30. Rd1 a6 31. Rd6 Re1+ 32. Kg2 Be4+ 33.
Kh3 Kg7 34. Rd7 Bf5+ 0-1

[Event "Tournoi Skype 029A"]
[Site "Skype"]
[Date "????.??.??"]
[Round "8.1"]
[White "Blasco, Raul"]
[Black "Deville, Olivier"]
[Result "1/2-1/2"]
[WhiteElo "1978"]
[BlackElo "1807"]
[PlyCount "34"]

1. Nf3 Nf6 2. c4 e6 3. g3 b6 4. Bg2 Bb7 5. b3 c5 6. Bb2 Be7 7. O-O O-O 8. Nc3
d6 9. e3 Nbd7 10. Qe2 a6 11. Rfd1 Qc7 12. Rac1 Rac8 13. d4 cxd4 14. exd4 Rfe8
15. Nd2 Bxg2 16. Kxg2 Qb7+ 17. Kg1 d5 1/2-1/2

[Event "Tournoi Skype 029A"]
[Site "Skype"]
[Date "????.??.??"]
[Round "8.2"]
[White "Rapaire, Jean-Michel"]
[Black "Rico Hernandez, Edgar"]
[Result "1-0"]
[WhiteElo "1739"]
[BlackElo "1772"]
[PlyCount "95"]

1. e4 c6 2. d4 d5 3. exd5 cxd5 4. Bb5+ Bd7 5. Bxd7+ Nxd7 6. Nf3 Ngf6 7. O-O e6
8. Re1 Be7 9. c3 O-O 10. Qb3 Qb6 11. Qxb6 Nxb6 12. Ne5 Rac8 13. Bg5 h6 14. Bxf6
Bxf6 15. Nd3 Nc4 16. Re2 b6 17. Nd2 Nxd2 18. Rxd2 Rc7 19. a4 a5 20. g3 Rfc8 21.
f4 Be7 22. Ne5 Bd6 23. Nf3 Rc4 24. Kf2 Kf8 25. Ke3 Kg8 26. g4 g6 27. h4 Kg7 28.
Rg2 Be7 29. h5 Rh8 30. hxg6 fxg6 31. f5 exf5 32. gxf5 g5 33. Ne5 Rc7 34. Rf1
Rf8 35. Ng4 h5 36. f6+ Bxf6 37. Nxf6 Re7+ 38. Kd3 Rxf6 39. Rxg5+ Rg6 40. Rxh5
Rg3+ 41. Kc2 Rg2+ 42. Kb3 Rd7 43. Rff5 Re7 44. Rxd5 Kg6 45. Rb5 Ree2 46. Kc4
Rxb2 47. Rxb2 Rxb2 48. Rb5 1-0

[Event "Tournoi Skype 029A"]
[Site "Skype"]
[Date "????.??.??"]
[Round "8.3"]
[White "Grosso, Raul"]
[Black "Gungor, Gokhan"]
[Result "0-1"]
[WhiteElo "1746"]
[BlackElo "1579"]
[PlyCount "88"]

1. d4 Nf6 2. Nc3 d5 3. Bf4 Bf5 4. e3 e6 5. f3 c5 6. g4 Bg6 7. h4 h6 8. Bd3 Bxd3
9. Qxd3 Nc6 10. Nge2 a6 11. Kf2 Bd6 12. g5 Ng8 13. Rag1 h5 14. Bxd6 Qxd6 15. f4
Nge7 16. dxc5 Qxc5 17. Nd4 Qd6 18. Nce2 O-O-O 19. Nxc6 Nxc6 20. Nd4 Ne7 21. Nf3
Ng6 22. Qc3+ Qc6 23. Qxc6+ bxc6 24. Rd1 Ne7 25. Ne5 Rhf8 26. c4 f6 27. Nd3 Rd6
28. Nc5 a5 29. Nb3 e5 30. Kf3 exf4 31. exf4 Ng6 32. cxd5 cxd5 33. Rd4 fxg5 34.
hxg5 Ne5+ 35. Kg3 Nc6 36. Rc1 Kb8 37. Ra4 d4 38. Rd1 d3 39. Nxa5 Nd4 40. Rxd4
Ra6 41. Nc4 Rxa2 42. R1xd3 g6 43. Ra3 Rxa3+ 44. bxa3 Re8 0-1

[Event "Tournoi Skype 029A"]
[Site "Skype"]
[Date "????.??.??"]
[Round "8.4"]
[White "Lambert, Pierre"]
[Black "Montalvo, Mario"]
[Result "1-0"]
[WhiteElo "1647"]
[BlackElo "1800"]
[PlyCount "39"]

1. e4 c5 2. c3 d5 3. exd5 Qxd5 4. d4 e6 5. Nf3 Nf6 6. Na3 a6 7. Bc4 Qh5 8. Be2
Qd5 9. Nc4 Qd8 10. Bg5 b5 11. Nce5 Bb7 12. O-O Nbd7 13. a4 Qb6 14. axb5 axb5
15. Rxa8+ Bxa8 16. Qb3 c4 17. Qa2 Bb7 18. Ra1 Bd6 19. Qa7 O-O 20. Bxf6 1-0

[Event "Tournoi Skype 029A"]
[Site "Skype"]
[Date "????.??.??"]
[Round "8.5"]
[White "Elias, Roberto"]
[Black "Calcino, Luis"]
[Result "1/2-1/2"]
[WhiteElo "1782"]
[BlackElo "1687"]
[PlyCount "73"]

1. e4 Nf6 2. e5 Nd5 3. c4 Nb6 4. Nc3 d6 5. Nf3 Nc6 6. d4 Bg4 7. exd6 exd6 8.
Be3 Qf6 9. Ne4 Qe7 10. c5 Nd5 11. Bd3 Nxe3 12. cxd6 Nxg2+ 13. Kf1 cxd6 14. Kxg2
Qd7 15. Re1 Be7 16. Bb5 O-O 17. d5 Bh3+ 18. Kg1 Qg4+ 19. Ng3 Ne5 20. Nxe5 dxe5
21. Qxg4 Bxg4 22. Rxe5 Bf6 23. Re3 Rac8 24. d6 Rfd8 25. Rd3 a6 26. d7 Rc5 27.
Re1 Re5 28. Rxe5 Bxe5 29. Re3 f6 30. Bc4+ Kf8 31. Rd3 Bxb2 32. Rb3 b5 33. Bxb5
axb5 34. Rxb2 Bxd7 35. Rd2 Ke7 36. Ne4 Be6 37. Rxd8 1/2-1/2

[Event "Tournoi Skype 029A"]
[Site "Skype"]
[Date "????.??.??"]
[Round "8.6"]
[White "Mayor Martinez, Juan Jose"]
[Black "Altinok, Selim"]
[Result "1-0"]
[WhiteElo "1749"]
[BlackElo "1536"]
[PlyCount "101"]

1. e4 c6 2. Nc3 d5 3. d4 dxe4 4. Nxe4 Bf5 5. Ng3 Bg6 6. Nf3 Nd7 7. Bd3 Bxd3 8.
Qxd3 e6 9. O-O Ngf6 10. Rd1 Qc7 11. Ne4 Nxe4 12. Qxe4 Nf6 13. Qe2 O-O-O 14. c3
Be7 15. g3 h5 16. h4 Ng4 17. Kg2 Rd5 18. c4 Rf5 19. Qe4 Nf6 20. Qe2 Ng4 21. Be3
Kb8 22. a3 f6 23. Bf4 Bd6 24. Qxe6 Rxf4 25. gxf4 Bxf4 26. d5 Qb6 27. Qe2 c5 28.
Rab1 a5 29. b3 Bd6 30. Qe6 Qc7 31. Rd2 Ka7 32. Re2 Nh6 33. b4 cxb4 34. axb4
Qxc4 35. bxa5 Qg4+ 36. Qxg4 Nxg4 37. Reb2 Rb8 38. Rb3 g6 39. Nd4 Bc5 40. Nc6+
bxc6 41. Rxb8 cxd5 42. R8b5 Bxf2 43. Kf3 Bxh4 44. Rxd5 Ne5+ 45. Kg2 Bg5 46. Rb6
h4 47. Re6 Kb7 48. a6+ Ka7 49. Rc5 Nd3 50. Rc7+ Kb8 51. Rb7+ 1-0

[Event "Tournoi Skype 029A"]
[Site "Skype"]
[Date "????.??.??"]
[Round "8.7"]
[White "Calderon, Francisco"]
[Black "Barrios Chamorro, Jesus Adrian"]
[Result "0-1"]
[WhiteElo "1604"]
[BlackElo "1589"]
[PlyCount "80"]

1. e4 e5 2. Nf3 Nc6 3. Bb5 a6 4. Bxc6 dxc6 5. O-O Bd6 6. d3 Nf6 7. Nbd2 Bg4 8.
h3 Bh5 9. Re1 Qd7 10. Nc4 O-O-O 11. Qe2 Rhe8 12. Qe3 Kb8 13. a4 g5 14. Nh2 g4
15. h4 g3 16. fxg3 Rg8 17. Qf2 Qe7 18. Bg5 Rxg5 19. hxg5 Bc5 20. Ne3 Nd7 21. g4
Bg6 22. Nf3 f6 23. gxf6 Nxf6 24. Qh4 Rg8 25. Kh1 Bxe3 26. Rxe3 h5 27. Nh2 Qc5
28. Re2 Nxg4 29. Nxg4 hxg4 30. Qxg4 Bf7 31. Qh3 Be6 32. Qe3 Qe7 33. g3 Bg4 34.
Rh2 Qf6 35. Qf2 Bf3+ 36. Kg1 Qf4 37. Rh3 b6 38. Rf1 Qg4 39. Kh2 Qxh3+ 40. Kg1
Qh1# 0-1

[Event "Tournoi Skype 029A"]
[Site "Skype"]
[Date "????.??.??"]
[Round "8.9"]
[White "Karia, Vijay"]
[Black "Sanchez Ruiz, Piedad Esmeralda"]
[Result "0-1"]
[WhiteElo "1482"]
[BlackElo "1706"]
[PlyCount "66"]

1. e4 c5 2. Nc3 e6 3. f4 d5 4. e5 Nc6 5. Nf3 Nge7 6. Bb5 Bd7 7. O-O a6 8. Bxc6
Nxc6 9. d3 Be7 10. Qe1 O-O 11. Qg3 f5 12. a3 b5 13. Be3 d4 14. Bxd4 cxd4 15.
Ne2 Qb6 16. Qh3 b4 17. axb4 Nxb4 18. Ne1 Rac8 19. Rc1 Na2 20. Rb1 a5 21. b3 Bb5
22. Rf3 Nb4 23. Rc1 a4 24. Qh5 axb3 25. cxb3 Rxc1 26. Nxc1 Nd5 27. Ne2 Ne3 28.
Rh3 h6 29. Rg3 Kh8 30. Qg6 Rg8 31. Rh3 Ng4 32. Qf7 Bb4 33. Nc2 Be8 0-1

[Event "Tournoi Skype 029A"]
[Site "Skype"]
[Date "????.??.??"]
[Round "8.10"]
[White "Ram, Madhukesh"]
[Black "Bagayatkar, Madan"]
[Result "1/2-1/2"]
[WhiteElo "1243"]
[BlackElo "1443"]
[PlyCount "47"]

1. e4 e5 2. Nf3 Nc6 3. Bb5 a6 4. Ba4 Nf6 5. O-O Be7 6. Re1 d6 7. h3 Bd7 8. c3
O-O 9. d4 exd4 10. cxd4 Re8 11. Nbd2 h6 12. Nf1 Nh7 13. Ne3 Ng5 14. Nxg5 Bxg5
15. Nd5 b5 16. Bb3 Rc8 17. Qh5 Nxd4 18. Nxc7 Rxc7 19. Bxf7+ Kh8 20. Bxe8 Qxe8
21. Qxe8+ Bxe8 22. Bxg5 hxg5 23. Rad1 Nc6 24. Rxd6 1/2-1/2